Wszystkie gole reprezentacji Polski - eliminacje Euro 2016 - Statystyki

Ogólne statystyki
  • Ten quiz został rozwiązany 59 razy
  • Średni wynik to 31 z 33
Statystyki odpowiedzi
Hint Odpowiedź % Poprawnych
Niemcy (dom) 1:0 Arkadiusz Milik
100%
Szkocja (dom) 2:2 Arkadiusz Milik
100%
Gruzja (wyjazd) 4:0 Arkadiusz Milik
100%
Gruzja (dom) 1:0 Arkadiusz Milik
100%
Gibraltar (dom) 5:0 Arkadiusz Milik
100%
Gibraltar (dom) 7:0 Arkadiusz Milik
100%
Gibraltar (wyjazd) 3:0 Robert Lewandowski
100%
Gibraltar (wyjazd) 4:0 Robert Lewandowski
100%
Gibraltar (wyjazd) 6:0 Robert Lewandowski
100%
Gibraltar (wyjazd) 7:0 Robert Lewandowski
100%
Gruzja (dom) 2:0 Robert Lewandowski
100%
Gruzja (dom 3:0 Robert Lewandowski
100%
Gruzja (dom) 4:0 Robert Lewandowski
100%
Niemcy (wyjazd) 1:2 Robert Lewandowski
100%
Gibraltar (dom) 3:0 Robert Lewandowski
100%
Gibraltar (dom) 4:0 Robert Lewandowski
100%
Szkocja (wyjazd) 1:0 Robert Lewandowski
100%
Szkocja (wyjazd) 2:2 Robert Lewandowski
100%
Irlandia (dom) 2:1 Robert Lewandowski
100%
Gruzja (wyjazd) 2:0 Grzegorz Krychowiak
92%
Irlandia (dom) 1:0 Grzegorz Krychowiak
92%
Gibraltar (wyjazd) 1:0 Kamil Grosicki
92%
Gibraltar (wyjazd) 2:0 Kamil Grosicki
92%
Gibraltar (dom) 1:0 Kamil Grosicki
92%
Gibraltar (dom) 2:0 Kamil Grosicki
92%
Gibraltar (dom) 6:0 Jakub Błaszczykowski
87%
Gruzja (wyjazd) 1:0 Kamil Glik
85%
Niemcy (dom) 2:0 Sebastian Mila
83%
Gruzja (wyjazd) 3:0 Sebastian Mila
83%
Gibraltar (dom) 8:0 Bartosz Kapustka
77%
Szkocja (dom) 1:0 Krzysztof Mączyński
66%
Irlandia (wyjazd) 1:0 Sławomir Peszko
66%
Gibraltar (wyjazd) 5:0 Łukasz Szukała
64%
Nie znaleziono quizów pasujących do podanych kryteriów
Rozkład punktacji
Procent ludzi z każdym wynikiem
Percentyl według liczby udzielonych odpowiedzi
Twoja historia wyników
Nie rozwiązałeś tego quizu